| 000 | 00680nam a22002057a 4500 | ||
|---|---|---|---|
| 003 | OSt | ||
| 005 | 20140310181930.0 | ||
| 008 | 130722t xxu||||| |||| 00| 0 eng d | ||
| 050 |
_aMT 222 _b.W135 1941 |
||
| 082 |
_aTR 786.2 _bW12 1941 |
||
| 100 |
_aWagness, Bernard _92720 |
||
| 245 |
_aWagness adult piano course. Vol. I : _bthe chord approach. A first instruction book for the adult student, high school student, college student / _cBernard Wagness |
||
| 260 |
_aChicago : _bRubank, Inc, _cc1941. |
||
| 300 |
_a88 p. : _bill. ; _c30 cm. |
||
| 521 | _aFaculty | ||
| 541 | _j1 | ||
| 562 | _e1 | ||
| 650 |
_aPiano _xMethods _xJuvenile. _92721 |
||
| 942 |
_2lcc _cBK-TR _kTR |
||
| 999 |
_c7353 _d7353 |
||